Burn care and treatment : (رقم التسجيلة. 79702)
[ عرض عادي ]
| 000 -الفاتح | |
|---|---|
| حقل البيانات ثابتة الطول | 03414cam a2200505Ii 4500 |
| 001 - رقم الضبط | |
| رقم الضبط | 1237455885 |
| 003 - محدد رقم الضبط | |
| رقم الضبط | OCoLC |
| 005 - وقت وتاريخ اخر تعامل مع التسجيلة | |
| رقم الضبط | 20220314110158.0 |
| 006 - عناصر البيانات ثابتة الطول - خصائص المادة الاضافية-معلومات عامة | |
| حقل البيانات ثابتة الطول | m o d |
| 007 - الحقل الثابت للوصف المادى- معلومات عامة | |
| حقل البيانات ثابتة الطول | cr nn||||mamaa |
| 008 - عناصر البيانات ثابتة الطول - معلومات عامة | |
| حقل البيانات ثابتة الطول | 201221s2021 sz a ob 001 0 eng d |
| 020 ## - الرقم الدولى المعيارى للكتب | |
| الرقم الدولى المعيارى للكتاب | 9783030391935 |
| Qualifying information | (electronic bk.) |
| 020 ## - الرقم الدولى المعيارى للكتب | |
| الرقم الدولى المعيارى للكتاب | 3030391930 |
| Qualifying information | (electronic bk.) |
| 020 ## - الرقم الدولى المعيارى للكتب | |
| الرقم الدولى المعيارى للكتاب الملغى /الخاطئ | 9783030391928 |
| 024 7# - معرف معيارى اخر | |
| الرقم او الرمز المعيارى | 10.1007/978-3-030-39193-5 |
| مصدر الرقم او الكود | doi |
| 035 ## - رقم ضبط النظام | |
| رقم ضبط النظام | (OCoLC)1237455885 |
| رقم الضبط الملغى والمتاح | (OCoLC)1228045376 |
| 040 ## - مصدر الفهرسة | |
| وكالة الفهرسة الأصلية | SFB |
| لغة الفهرسة | eng |
| قواعد الوصف | rda |
| وكالة النسخ | SFB |
| وكالة التعديل | OCLCO |
| -- | EBLCP |
| -- | GW5XE |
| -- | OCLCO |
| -- | OCLCF |
| -- | UKAHL |
| 050 #4 - رقم طلب مكتبة الكونجرس | |
| رقم التصنيف | RD96.4 |
| رقم المادة | .B87 2021 |
| 072 #7 - رمز الفئه الموضوعية | |
| رمز فئه الموضوع | MNP |
| المصدر | bicssc |
| 072 #7 - رمز الفئه الموضوعية | |
| رمز فئه الموضوع | MED085030 |
| المصدر | bisacsh |
| 072 #7 - رمز الفئه الموضوعية | |
| رمز فئه الموضوع | MNP |
| المصدر | thema |
| 072 #7 - رمز الفئه الموضوعية | |
| رمز فئه الموضوع | RC |
| المصدر | lcco |
| 072 #7 - رمز الفئه الموضوعية | |
| رمز فئه الموضوع | RD |
| المصدر | lcco |
| 082 04 - رقم تصنيف ديوى العشرى | |
| رقم التصنيف | 617.1106 |
| رقم الطبعة | 23 |
| رقم المادة | BCB |
| 245 00 - بيان العنوان | |
| العنوان | Burn care and treatment : |
| بقية العنوان | a practical guide / |
| بيان المسئوليه,etc | Marc G. Jeschke, Lars-Peter Kamolz, Shahriar Shahrokhi, editors |
| 250 ## - بيان الطبعة | |
| بيان الطبعة | Second edition |
| 264 #1 - النشر, التوزيع, ETC. (IMPRINT) | |
| مكان الناشر او الموزع | Cham : |
| اسم الناشر او الموزع | Springer, |
| تاريخ النشر أو التوزيع | [2021] |
| 300 ## - الوصف المادى | |
| التعداد | 1 online resource (vi, 219 pages) : |
| تفاصيل ماديه اخرى للوعاء | illustrations (chiefly color) |
| 504 ## - تبصرة ببليوجرافية | |
| تبصرة ببليوجرافية,الخ | Includes bibliographical references and index |
| 505 0# - تبصرة محتويات-الفهرس | |
| تبصرة المحتويات المصاغة | Initial Assessment, Resus, Wound, early care -- Pathophysiology -- Wound healing and Wound care -- Infection in Burns -- Acute Burn Surgery -- Critical Care -- Metabolism and Nutrition -- Nursing Management -- Rehabilitaiton and Therapy -- Mental Health -- Pain and Agitation Management -- Electrical Injury, Chemical Burns, and Cold Injury "Frostbite" -- Long-term sequelae of burn injury -- Burn Reconstruction Techniques -- Long-term outcomes, QoL |
| 506 ## - تبصرة قيود الاتاحة | |
| قيود الإتاحة | Available to OhioLINK libraries |
| 520 ## - التبصرة الخاصة بالتعليق أو التلخيص | |
| ملخص,الخ | The second edition of this practical guide offers a comprehensive summary of the most important and most immediate therapeutic approaches in the assessment and treatment of burn injuries. Taking into account age-specific needs in pediatric, adult, and elderly burn patients, several chapters on key issues - such as pre-hospital treatment, wound care and infection control, burn nursing, critical care, burn reconstructive surgery and rehabilitation for burn victims - have now been updated. In addition, the book has been supplemented with the latest information on fluid resuscitation, organ support for burn patients, necrotizing soft tissue infections, and TEN/SJS. Written in a concise manner, the updated edition of this book provides essential guidelines for optimal care to improve patient outcomes, and thus will be a valuable reference resource for physicians, surgeons, residents, nurses, and other burn care providers |
| 650 #0 - المدخل الاضافى بالموضوع-مصطلح موضوعى | |
| مصطلح موضوعي أو اسم جغرافي كعنصر مدخل | Burns and scalds |
| التقسيم الفرعي العام | Treatment. |
| 9 (RLIN) | 74525 |
| 650 #0 - المدخل الاضافى بالموضوع-مصطلح موضوعى | |
| مصطلح موضوعي أو اسم جغرافي كعنصر مدخل | Surgery, Plastic. |
| 9 (RLIN) | 15860 |
| 655 #4 - مصطلح تكشيفى-نوع/شكل | |
| بيانات النوع/ الشكل أو المصطلح الأساسي | Electronic books |
| 9 (RLIN) | 89386 |
| 700 1# - المدخل الاضافى - اسم شخصى | |
| الإسم الشخصى | Jeschke, Marc G., |
| الدور | editor |
| 9 (RLIN) | 89387 |
| 700 1# - المدخل الاضافى - اسم شخصى | |
| الإسم الشخصى | Kamolz, Lars-Peter, |
| الدور | editor |
| 9 (RLIN) | 64519 |
| 700 1# - المدخل الاضافى - اسم شخصى | |
| الإسم الشخصى | Shahrokhi, Shahriar, |
| الدور | editor |
| 9 (RLIN) | 89388 |
| 710 2# - المدخل الاضافى - اسم هيئه | |
| اسم الهيئة أو اسم السلطة كمدخل | Ohio Library and Information Network. |
| 9 (RLIN) | 89389 |
| 776 08 - مدخل الشكل المادى الاضافى | |
| نص العرض | Print version: |
| العنوان | Burn care and treatment. |
| الطبعة | Second edition. |
| الناشر و مكان و تاريخ النشر | Cham : Springer, [2021] |
| الرقم الدولى المعيارى للكتاب | 9783030391928 |
| رقم ضبط التسجيلة | (OCoLC)1237549346 |
| 856 40 - الوصول و الموقع الالكترونى | |
| مواد محددة | OhioLINK |
| تبصرة عامة | Connect to resource |
| معرف المصدر الموحد | <a href="https://rave.ohiolink.edu/ebooks/ebc2/9783030391935">https://rave.ohiolink.edu/ebooks/ebc2/9783030391935</a> |
| 856 40 - الوصول و الموقع الالكترونى | |
| مواد محددة | SpringerLink |
| تبصرة عامة | Connect to resource |
| معرف المصدر الموحد | <a href="http://link.springer.com/10.1007/978-3-030-39193-5">http://link.springer.com/10.1007/978-3-030-39193-5</a> |
| 856 40 - الوصول و الموقع الالكترونى | |
| مواد محددة | SpringerLink |
| تبصرة عامة | Connect to resource (off-campus) |
| معرف المصدر الموحد | <a href="http://proxy.ohiolink.edu:9099/login?url=http://link.springer.com/10.1007/978-3-030-39193-5">http://proxy.ohiolink.edu:9099/login?url=http://link.springer.com/10.1007/978-3-030-39193-5</a> |
| 942 ## - عناصر المدخل الإضافي( كوها) | |
| مصدر التصنيف او مخطط الترفيف | Dewey Decimal Classification |
| Koha [default] item type | كتاب |
| حالة الفقد | نموذج السعر الفعال | حالة تلف | ليس للاعارة | رقم الطلب | تاريخ الاكتساب | الموقع الحالي | الباركود | الفرع الرئيسي | Date last seen | نوع المادة فى نظام كوها | مصدر التصنيف او خطة الترفيف | Total Checkouts |
|---|---|---|---|---|---|---|---|---|---|---|---|---|
| 2022-03-14 | 617.1106 BCB | 2022-03-14 | المكتبة المركزية بالمجمعة (CL) | 00168707 | المكتبة المركزية بالمجمعة (CL) | 2022-03-14 | كتاب | Dewey Decimal Classification | ||||
| 2022-03-14 | 617.1106 BCB | 2022-03-14 | المكتبة المركزية بالمجمعة (CL) | 00168708 | المكتبة المركزية بالمجمعة (CL) | 2022-03-14 | كتاب | Dewey Decimal Classification | ||||
| 2022-03-14 | 617.1106 BCB | 2022-03-14 | المكتبة المركزية بالمجمعة (CL) | 00168709 | المكتبة المركزية بالمجمعة (CL) | 2022-03-14 | كتاب | Dewey Decimal Classification | ||||
| 2022-03-14 | 617.1106 BCB | 2022-03-14 | مكتبة مجمع الكليات بالزلفى - طلاب (SZM) | 00168710 | مكتبة مجمع الكليات بالزلفى - طلاب (SZM) | 2022-03-14 | كتاب | Dewey Decimal Classification | ||||
| 2022-03-14 | 617.1106 BCB | 2022-03-14 | مكتبة مجمع الكليات بالزلفى - طلاب (SZM) | 00168711 | مكتبة مجمع الكليات بالزلفى - طلاب (SZM) | 2022-03-14 | كتاب | Dewey Decimal Classification |
